| 000 | 01764nam a2200421 a 4500 | ||
|---|---|---|---|
| 001 | ebr10555129 | ||
| 003 | CaPaEBR | ||
| 006 | m u | ||
| 007 | cr cn||||||||| | ||
| 008 | 111003s2012 gau sb 001 0 eng d | ||
| 010 | _z 2011040358 | ||
| 020 | _z9780820333977 (cloth alk. paper) | ||
| 020 | _z0820333972 (cloth alk. paper) | ||
| 020 | _z9780820342511 (pbk. alk. paper) | ||
| 020 | _z0820342513 (pbk. alk. paper) | ||
| 020 | _z9780820343792 (e-book) | ||
| 040 |
_aCaPaEBR _cCaPaEBR |
||
| 035 | _a(OCoLC)793521358 | ||
| 043 | _an-us--- | ||
| 050 | 1 | 4 |
_aE468.9 _b.N45 2012eb |
| 082 | 0 | 4 |
_a973.7 _223 |
| 100 | 1 |
_aNelson, Megan Kate, _d1972- |
|
| 245 | 1 | 0 |
_aRuin nation _h[electronic resource] : _bdestruction and the American Civil War / _cMegan Kate Nelson. |
| 260 |
_aAthens, Ga. : _bUniversity of Georgia Press, _cc2012. |
||
| 300 | _axvii, 332 p. | ||
| 490 | 1 | _aUncivil wars | |
| 504 | _aIncludes bibliographical references and index. | ||
| 533 |
_aElectronic reproduction. _bPalo Alto, Calif. : _cebrary, _d2013. _nAvailable via World Wide Web. _nAccess may be limited to ebrary affiliated libraries. |
||
| 651 | 0 |
_aUnited States _xHistory _yCivil War, 1861-1865 _xDestruction and pillage. |
|
| 651 | 0 |
_aUnited States _xHistory _yCivil War, 1861-1865 _xSocial aspects. |
|
| 651 | 0 |
_aUnited States _xHistory _yCivil War, 1861-1865 _xPsychological aspects. |
|
| 651 | 0 |
_aUnited States _xHistory _yCivil War, 1861-1865 _xCasualties. |
|
| 651 | 0 |
_aUnited States _xHistory _yCivil War, 1861-1865 _xInfluence. |
|
| 655 | 7 |
_aElectronic books. _2local |
|
| 710 | 2 | _aebrary, Inc. | |
| 830 | 0 | _aUncivil wars. | |
| 856 | 4 | 0 |
_uhttp://site.ebrary.com/lib/rucke/Doc?id=10555129 _zAn electronic book accessible through the World Wide Web; click to view |
| 999 |
_c91928 _d91928 |
||